Materia y energía. : Gases.
Guardado en:
| Formato: | |
|---|---|
| Materias: | |
| Etiquetas: |
Agregar Etiqueta
Sin Etiquetas, Sea el primero en etiquetar este registro!
|
| LEADER | 00909ngm a22002655g 4500 | ||
|---|---|---|---|
| 001 | CEM.cems021736 | ||
| 008 | 130507b1992##################0###0#####d | ||
| 005 | 20240906161248.0 | ||
| 245 | 0 | 0 | |a Materia y energía. : |b Gases. |
| 300 | |a 36 | ||
| 500 | |a En soporte VHS, consultar en ventanilla. | ||
| 505 | 0 | |a Tercera ley de Newton. Energía y materia. Expansión térmica de los sólidos. Expansión térmica de los gases. Difusión de los gases raros. Ley de Boyle. | |
| 538 | |a Soporte: VHS - Norma: Pal N - Color - Grabación DRD 1992 - Hitachi=2640 | ||
| 082 | 5 | 3 | |/ BEC |
| 653 | |a FISICA | ||
| 653 | |a QUIMICA | ||
| 653 | |a TERCERA LEY DE NEWTON | ||
| 653 | |a ENERGIA | ||
| 653 | |a MATERIA | ||
| 653 | |a GASES | ||
| 653 | |a LEY DE BOYLE | ||
| 653 | |a EXPANSION TERMICA | ||
| 653 | |a GASES RAROS | ||
| 653 | |a NIVEL SECUNDARIO | ||
| 859 | |a CEMS |b BIB. CEMS - Depto. Recursos Didacticos |h 530 |i BEC |k DRD |p 379.12 |t Ej.1 | ||
